Normal view
MARC view
Entry Personal Name
001 - CONTROL NUMBER
- control field: 24626
003 - CONTROL NUMBER IDENTIFIER
- control field: ARRUPE
005 - DATE AND TIME OF LATEST TRANSACTION
- control field: 20160804104415.0
008 - FIXED-LENGTH DATA ELEMENTS
- fixed length control field: 160804|| aca||aabn | a|a d
040 ## - CATALOGING SOURCE
- Original cataloging agency: ARRUPE
- Transcribing agency: ARRUPE
100 ## - HEADING--PERSONAL NAME
- Personal name: Orwell, George,
- Dates associated with a name: 1903-1950.
- Title of a work: Animal farm
670 ## - SOURCE DATA FOUND
- Source citation: Work cat.: (ARRUPE)0: Akivaga, S. Kichamu. 23665, Notes on George Orwell's Animal farm /, 1976.